000
00247nam a2200097Ia 4500
001
681389
005
20250826161359.0
008
250824s9999 xx 000 0 und d
245
0
_a
BUNUN ADI FİNDEL
_c
ANDREW CLEMENTS
260
_b
GÜNIŞIĞI YAYINLARI
999
_c
681389
_d
681389